| 000 | 00656nam a2200229 a 4500 | ||
|---|---|---|---|
| 005 | 20140310183615.0 | ||
| 008 | 120831s19uu xx 00 eng d | ||
| 020 | _a9780781791038 | ||
| 050 |
_aRT 84.5 _b.J637 2010 |
||
| 100 | _aJohnson, Betty M. | ||
| 245 |
_aAn Introduction to theory and reasoning in nursing. / _cBetty M. Johnson |
||
| 250 | _a3rd ed. | ||
| 260 |
_aPhiladelphia : _bWolter Kluwer, _c2010. |
||
| 300 |
_a325 p. : _bill. col. ; _c22 cm. |
||
| 500 | _aIncludes index. | ||
| 521 | _aNUR | ||
| 650 | _aNursing theory | ||
| 650 | _aPhilosophy, Nursing | ||
| 700 | _aWebber, Pamela B. | ||
| 942 |
_cBK _2lcc _kFOR |
||
| 999 |
_c25313 _d25313 |
||